1205 1739 1916 1903 1744 1698 1689 1379 1637 1959 1422 1597 1502 1541 1428 1022 1876 1641 1665 1714 1894 1883 1241 1079 1607 1028 1120 1284 1538 1205 1946 1599 1990 1612 1784 1063 1737 1260 1207 1857 1377 1843 1509 1119 1951 1013 1554 1717 1853 1197 1654 1314 1206 1368 1914 1226 1108 1788 1195 1665 1232 1041 1291 1329 1086 1781 1788 1130 1669 1407 1723 1873 1703 1450 1567 1043 1794 1586 1844 1229 1442 1671 1104 1223 1299 1355 1265 1855 1888 1866 1418 1254 1994 1296 1756 1767 1535 1427 1238 BCNSPRNW ULIB Ver.6.0+V

เปลี่ยนเป็นภาษาไทย

Change to English
 แสดงรายละเอียดบรรณานุกรม
  กลับหน้าหลัก

Brief Record : Get Marc (ISO 2709) : E-mail record : QR code < ปิดหน้าต่าง
LEADER : 00000nam 2200000uu 4500
001    13399108693
003     ULIB
008    110311s2551||||th 000 0 tha d
020    9789740561088
060  4 QZ202^bอ935ส 2551
100 0  เอื้อมพร สกุลแก้ว
245 00 สารก่อมะเร็งต้องเลี่ยง/^cเอื้อมพร สกุลแก้ว
260    กรุงเทพฯ:^bใกล้หมอ,^c2551
300    145 หน้า
650  7 สารก่อมะเร็ง
945    ^p165^l0^i024055
945    ^p165^l0^i024054
995    ทศพร
999 ^a ใช้งานได้ทุกระบบ
รายการนี้ยังไม่มีแท็ก
คุณยังไม่ได้ล็อกอิน คุณสามารถมีกิจกรรมร่วมกับเว็บไซต์ได้ แต่ต้องล็อกอินก่อน ::
  ล็อกอิน

รายการสื่อสารสนเทศ

ลำดับที่ ประเภท เลขเรียก/บาร์โค้ด สถานที่ สถานะ
- ไม่พบข้อมูล -

รายการใกล้เคียง
    ผู้แต่ง [เอื้อมพร สกุลแก้ว]

    หัวเรื่อง [สารก่อมะเร็ง]

BibComment


ยังไม่เคยถูกคอมเมนท์

คอมเมนท์ทรัพยากรรายการนี้
  คอมเมนท์: สารก่อมะเร็งต้องเ..


 Copyright 2026. Bcnsprnw @Library